[Event "Landesklasse Ost 2025/26"]
[Site "?"]
[Date "2026.03.01"]
[Round "7.7"]
[White "Barth, Christian"]
[Black "Weber, Jakob"]
[Result "1-0"]
[WhiteElo "1707"]
[BlackElo "1581"]
[WhiteFideId "-1"]
[BlackFideId "-1"]
[PlyCount "113"]
[GameId "560343723787"]
[EventDate "2025.09.14"]
[EventType "team-tourn"]
[EventRounds "9"]
[SourceTitle "Thueringer Schachbund"]
[Source "ThSB"]
[SourceDate "2025.09.14"]
[SourceVersion "1"]
[SourceVersionDate "2025.09.14"]
[SourceQuality "1"]
[WhiteTeam "SC Rochade Zeulenroda"]
[BlackTeam "ESV Lok Sömmerda"]

1. e4 e6 2. d4 d5 3. exd5 exd5 4. Bd3 Bd6 5. Nc3 Nf6 6. Bg5 c6 7. Nf3 O-O 8. O-O Bg4 9. h3 Bh5 10. g4 Bg6 11. Ne5 Bxd3 12. Qxd3 h6 13. Bh4 g5 14. Bg3 Kg7 15. f4 Bxe5 16. dxe5 Nh7 17. Ne2 Nd7 18. Nd4 Nc5 19. Nf5+ Kh8 20. Qd4 Ne6 21. Qd2 gxf4 22. Bxf4 Nxf4 23. Qxf4 Qg5 24. Nxh6 Qxf4 25. Rxf4 Ng5 26. Kg2 Kg7 27. Nf5+ Kg6 28. Nd6 Rh8 29. Rf6+ Kg7 30. Rh1 Raf8 31. Kg3 Ne6 32. Rhf1 Nd8 33. h4 b6 34. R1f5 Rh7 35. Rg5+ Kh8 36. Nf5 Ne6 37. Rh5 Rxh5 38. gxh5 c5 39. Ne7 d4 40. Kg4 Kg7 41. Nf5+ Kh7 42. Nd6 Kg7 43. Kf5 Nc7 44. h6+ Kg8 45. h7+ Kxh7 46. Rxf7+ Rxf7+ 47. Nxf7 Kg7 48. Nd6 Kf8 49. h5 Nd5 50. e6 Ne7+ 51. Ke5 Nc6+ 52. Kf6 Ne7 53. Nf5 Nd5+ 54. Ke5 Ne3 55. h6 Ng4+ 56. Kd6 Nf6 57. Kc7 1-0

[Event "Landesklasse Ost 2025/26"]
[Site "?"]
[Date "2026.03.01"]
[Round "7.8"]
[White "Vetter, Udo"]
[Black "Werner, Dniel"]
[Result "1/2-1/2"]
[WhiteElo "1514"]
[BlackElo "1701"]
[WhiteFideId "-1"]
[BlackFideId "-1"]
[PlyCount "170"]
[GameId "560355481782"]
[EventDate "2025.09.14"]
[EventType "team-tourn"]
[EventRounds "9"]
[SourceTitle "Thueringer Schachbund"]
[Source "ThSB"]
[SourceDate "2025.09.14"]
[SourceVersion "1"]
[SourceVersionDate "2025.09.14"]
[SourceQuality "1"]
[WhiteTeam "ESV Lok Sömmerda"]
[BlackTeam "SC Rochade Zeulenroda"]

1. e4 e5 2. Nf3 Nc6 3. Bb5 a6 4. Ba4 Nf6 5. d3 d6 6. c3 b5 7. Bc2 Bg4 8. Be3 Be7 9. Nbd2 O-O 10. O-O Nb8 11. d4 Nbd7 12. h3 Bh5 13. Rc1 c5 14. d5 Nb6 15. b3 h6 16. c4 Nh7 17. Qe1 Bxf3 18. Nxf3 bxc4 19. Qc3 cxb3 20. Bxb3 Qc7 21. Nd2 Rfb8 22. Nc4 Nxc4 23. Bxc4 Nf6 24. f3 Nd7 25. Rb1 Rxb1 26. Rxb1 Rb8 27. Qc2 Rxb1+ 28. Qxb1 Nb8 29. Qb3 Bd8 30. Qa4 a5 31. Bf2 Kf8 32. Kh2 Nd7 33. Qb5 Ke7 34. Be1 f6 35. Bb3 Qb6 36. Ba4 Qxb5 37. Bxb5 g6 38. g4 Nf8 39. Kg3 g5 40. a4 Bb6 41. Bd2 Kd8 42. Bc6 Ng6 43. Be1 Nf4 44. Bb5 Kc7 45. Bc4 Kb7 46. Bb5 Bc7 47. Bc6+ Kb6 48. Bb5 Ng6 49. Bd3 Ne7 50. Bd2 Nc8 51. Bc4 Ka7 52. Bb5 Bb6 53. Bc3 Bc7 54. Kf2 c4 55. Bxc4 Kb6 56. Bd2 Kc5 57. Bb5 Ne7 58. Be3+ Kb4 59. Ke2 Ng6 60. Kd2 Nf4 61. Kc2 Ne2 62. Bd2+ Kc5 63. Bxe2 Kd4 64. Kd1 Bd8 65. Bb5 Bc7 66. Ke2 Bd8 67. Be3+ Kc3 68. Bd2+ Kd4 69. Bd3 Bc7 70. Be3+ Kc3 71. Bb5 Bd8 72. Bc1 Bc7 73. Bd2+ Kc2 74. Bd3+ Kb3 75. Bb5 Kc2 76. Be1 Bb6 77. Bd2 Bc7 78. Be3 Bd8 79. Ke1 Bc7 80. Be2 Bd8 81. Bd1+ Kd3 82. Bd2 Bc7 83. Bb3 Bd8 84. Kd1 Bc7 85. Bc2+ Kc4 1/2-1/2

[Event "Landesklasse Ost 2025/26"]
[Site "?"]
[Date "2026.03.01"]
[Round "7.1"]
[White "Liebold, Aaron"]
[Black "Buring, Matthias"]
[Result "1-0"]
[WhiteElo "2115"]
[BlackElo "2007"]
[WhiteFideId "-1"]
[BlackFideId "-1"]
[PlyCount "79"]
[GameId "2282898417373349"]
[EventDate "2025.09.14"]
[EventType "team-tourn"]
[EventRounds "9"]
[SourceTitle "Thueringer Schachbund"]
[Source "ThSB"]
[SourceDate "2025.09.14"]
[SourceVersion "1"]
[SourceVersionDate "2025.09.14"]
[SourceQuality "1"]
[WhiteTeam "ESV Gera"]
[BlackTeam "SG Arnstadt-Stadtilm"]

1. e4 c6 2. Nc3 d5 3. Qe2 d4 4. Nd1 e5 5. f4 exf4 6. Nf3 g6 7. d3 Bh6 8. Bd2 Bg4 9. Nf2 Bh5 10. O-O-O Nd7 11. e5 Qe7 12. c3 c5 13. Re1 O-O-O 14. Qe4 g5 15. cxd4 Bg6 16. Qd5 cxd4 17. Kb1 Nb6 18. Qa5 Kb8 19. Bb4 Qd7 20. Bd6+ Ka8 21. Nxd4 Nc4 22. Qc5 Nxd6 23. exd6 Nf6 24. Nb5 b6 25. Qe5 Qf5 26. Qxf5 Bxf5 27. Be2 Bc8 28. Bf3+ Kb8 29. Re7 Rd7 30. Bc6 Rxe7 31. dxe7 a6 32. Nd6 Kc7 33. Nxf7 Rg8 34. Nxh6 Rg6 35. Nhg4 Kxc6 36. Nxf6 Bd7 37. N2g4 Rg7 38. Ne5+ Kd6 39. Nfxd7 Rxe7 40. Nxb6 1-0

[Event "Landesklasse Ost 2025/26"]
[Site "?"]
[Date "2026.03.01"]
[Round "7.2"]
[White "Kaiser, Markus"]
[Black "Helmsdorf, Marius"]
[Result "0-1"]
[WhiteElo "1961"]
[BlackElo "2052"]
[WhiteFideId "-1"]
[BlackFideId "-1"]
[PlyCount "56"]
[GameId "2282880065626174"]
[EventDate "2025.09.14"]
[EventType "team-tourn"]
[EventRounds "9"]
[SourceTitle "Thueringer Schachbund"]
[Source "ThSB"]
[SourceDate "2025.09.14"]
[SourceVersion "1"]
[SourceVersionDate "2025.09.14"]
[SourceQuality "1"]
[WhiteTeam "SG Arnstadt-Stadtilm"]
[BlackTeam "ESV Gera"]

1. e4 e6 2. d4 d5 3. Bd3 Nf6 4. e5 Nfd7 5. f4 c5 6. c3 Nc6 7. Nf3 Qb6 8. Bc2 f6 9. Ba4 Be7 10. Bxc6 bxc6 11. O-O O-O 12. Kh1 a5 13. Re1 cxd4 14. cxd4 c5 15. Nc3 fxe5 16. dxc5 Qa6 17. fxe5 Nxc5 18. Be3 Bb7 19. Re2 Rac8 20. Rd2 Nd7 21. Qb3 Rxf3 22. gxf3 Nxe5 23. Rf2 Nxf3 24. Rxf3 d4 25. Bxd4 Rf8 26. Raf1 Rxf3 27. Kg1 Kh8 28. Qxe6 Rxf1# 0-1

[Event "Landesklasse Ost 2025/26"]
[Site "?"]
[Date "2026.03.01"]
[Round "7.3"]
[White "Puschendorf, Steffen"]
[Black "Sauer, Marko"]
[Result "0-1"]
[WhiteElo "2023"]
[BlackElo "1985"]
[WhiteFideId "-1"]
[BlackFideId "-1"]
[PlyCount "66"]
[GameId "2282881519439943"]
[EventDate "2025.09.14"]
[EventType "team-tourn"]
[EventRounds "9"]
[SourceTitle "Thueringer Schachbund"]
[Source "ThSB"]
[SourceDate "2025.09.14"]
[SourceVersion "1"]
[SourceVersionDate "2025.09.14"]
[SourceQuality "1"]
[WhiteTeam "ESV Gera"]
[BlackTeam "SG Arnstadt-Stadtilm"]

{[%evp 0,66,25,26,37,26,86,46,29,45,50,62,66,30,136,136,118,103,103,74,74,74,74,63,49,39,39,16,49,50,36,-34,-33,-40,-32,-31,-43,-43,-4,-40,-41,-37,-47,-39,-27,-33,-33,-35,-48,-45,-12,-27,-43,-80,-80,-109,-109,-232,-212,-205,-201,-261,-232,-232,-286,-251,-277,-526,-532]} 1. d4 Nf6 2. Nf3 c5 3. d5 d6 4. Nc3 Bf5 5. Nd2 Qa5 6. e4 Bxe4 7. Ncxe4 Nxe4 8. Qg4 Nf6 9. Qc8+ Qd8 10. Qxb7 Nbd7 11. Bb5 Rb8 12. Bxd7+ Nxd7 13. Qa6 Qc7 14. O-O g6 15. b3 Bg7 16. Rb1 O-O 17. Bb2 Bxb2 18. Rxb2 Nf6 19. Qd3 e6 20. dxe6 fxe6 21. Qh3 Rbe8 22. c4 d5 23. Re1 Qf4 24. Qe3 Qd6 25. Nf3 Ne4 26. Ng5 Qe5 27. Nxe4 Qxb2 28. Ng5 d4 29. Qg3 d3 30. Ne4 d2 31. Rd1 Qc2 32. Nc3 Rd8 33. Qe3 Rfe8 0-1

[Event "Landesklasse Ost 2025/26"]
[Site "?"]
[Date "2026.03.01"]
[Round "7.4"]
[White "Heß, Jürgen"]
[Black "Hilbig, Dieter"]
[Result "0-1"]
[WhiteElo "1824"]
[BlackElo "1816"]
[WhiteFideId "-1"]
[BlackFideId "-1"]
[PlyCount "120"]
[GameId "2282882874019919"]
[EventDate "2025.09.14"]
[EventType "team-tourn"]
[EventRounds "9"]
[SourceTitle "Thueringer Schachbund"]
[Source "ThSB"]
[SourceDate "2025.09.14"]
[SourceVersion "1"]
[SourceVersionDate "2025.09.14"]
[SourceQuality "1"]
[WhiteTeam "SG Arnstadt-Stadtilm"]
[BlackTeam "ESV Gera"]

1. e4 c5 2. Nf3 Nc6 3. d4 cxd4 4. Nxd4 e5 5. Nb5 a6 6. Nd6+ Bxd6 7. Qxd6 Qf6 8. Qxf6 Nxf6 9. f3 Nb4 10. Na3 d5 11. c3 Nc6 12. exd5 Nxd5 13. Nc4 O-O 14. Ne3 Be6 15. Nxd5 Bxd5 16. Be3 Rfe8 17. b3 f5 18. O-O-O Bf7 19. Be2 b5 20. Kb2 Rac8 21. Rd6 f4 22. Bf2 e4 23. fxe4 Rxe4 24. Bf3 Re6 25. Rhd1 Ne5 26. Rd8+ Rxd8 27. Rxd8+ Re8 28. Rxe8+ Bxe8 29. Bd5+ Bf7 30. Be4 Bg6 31. Bxg6 hxg6 32. Kc2 Kf7 33. Bd4 f3 34. gxf3 Nxf3 35. Kd3 Nxh2 36. Ke4 Ng4 37. Kd5 Nf6+ 38. Kc6 Ke6 39. Kb6 Kd5 40. a3 g5 41. Kxa6 Kc6 42. Ka5 g4 43. a4 bxa4 44. Kxa4 g3 45. c4 Ne4 46. b4 Nd2 47. b5+ Kb7 48. c5 Nf3 49. c6+ Kc8 50. Be3 g2 51. b6 g1=Q 52. b7+ Kc7 53. Bxg1 Nxg1 54. Kb5 Nf3 55. Kc5 Ne5 56. b8=Q+ Kxb8 57. Kd6 Nc4+ 58. Ke6 Kc7 59. Kf5 Nd6+ 60. Kg6 Ne8 0-1

[Event "Landesklasse Ost 2025/26"]
[Site "?"]
[Date "2026.03.01"]
[Round "7.5"]
[White "Kupper, Matthias"]
[Black "Grkinic, Goran"]
[Result "0-1"]
[WhiteElo "1729"]
[BlackElo "1889"]
[WhiteFideId "-1"]
[BlackFideId "-1"]
[PlyCount "138"]
[GameId "2282886103658586"]
[EventDate "2025.09.14"]
[EventType "team-tourn"]
[EventRounds "9"]
[SourceTitle "Thueringer Schachbund"]
[Source "ThSB"]
[SourceDate "2025.09.14"]
[SourceVersion "1"]
[SourceVersionDate "2025.09.14"]
[SourceQuality "1"]
[WhiteTeam "ESV Gera"]
[BlackTeam "SG Arnstadt-Stadtilm"]

1. e4 e5 2. Nf3 Nf6 3. Nxe5 d6 4. Nf3 Nxe4 5. d3 Nf6 6. Bg5 Be7 7. Be2 h6 8. Bh4 Nc6 9. Nc3 Be6 10. d4 Nd5 11. Nxd5 Bxd5 12. Bg3 Bf6 13. c3 O-O 14. O-O Qd7 15. Bb5 Qg4 16. Nd2 Qxd1 17. Rfxd1 a6 18. Bd3 Ne7 19. Ne4 Bxe4 20. Bxe4 d5 21. Bd3 c6 22. Re1 Rfe8 23. Re2 Ng6 24. Rae1 Rxe2 25. Rxe2 Nf8 26. Bd6 Ne6 27. g3 Rd8 28. Bb4 g6 29. Kg2 Kg7 30. f4 Rd7 31. Ba5 Be7 32. Bb6 Kf6 33. Kf3 Bd6 34. b4 Bc7 35. Bxc7 Nxc7 36. a4 Kg7 37. g4 Kf6 38. h4 Ne6 39. Re5 Nc7 40. Re2 Kg7 41. Re5 Kf8 42. Kg3 Re7 43. f5 g5 44. hxg5 hxg5 45. Kf3 f6 46. Rxe7 Kxe7 47. a5 Kd6 48. Ke3 Ne8 49. Kf3 Kc7 50. Ke3 Nd6 51. Kf3 Kb8 52. Ke3 Ka7 53. Kd2 b6 54. axb6+ Kxb6 55. Kc2 a5 56. Kb3 axb4 57. Kxb4 Nb7 58. Be2 c5+ 59. Ka4 Nd8 60. Bf3 Kc6 61. Kb3 Kd6 62. c4 Nc6 63. Bxd5 Nxd4+ 64. Ka4 Ke5 65. Bf7 Nc2 66. Kb5 Kd4 67. Kc6 Ne3 68. Kd6 Nxg4 69. Ke7 Ne5 0-1

[Event "Landesklasse Ost 2025/26"]
[Site "?"]
[Date "2026.03.01"]
[Round "7.6"]
[White "Marufke, Kai"]
[Black "Wille, Carsten"]
[Result "1/2-1/2"]
[WhiteElo "1654"]
[BlackElo "1618"]
[WhiteFideId "-1"]
[BlackFideId "-1"]
[PlyCount "66"]
[GameId "2282888854003813"]
[EventDate "2025.09.14"]
[EventType "team-tourn"]
[EventRounds "9"]
[SourceTitle "Thueringer Schachbund"]
[Source "ThSB"]
[SourceDate "2025.09.14"]
[SourceVersion "1"]
[SourceVersionDate "2025.09.14"]
[SourceQuality "1"]
[WhiteTeam "SG Arnstadt-Stadtilm"]
[BlackTeam "ESV Gera"]

1. e4 c5 2. Nc3 g6 3. f4 Bg7 4. Nf3 d6 5. Bc4 Nf6 6. O-O O-O 7. d3 Nc6 8. Ne2 a6 9. a4 b6 10. Qe1 d5 11. exd5 Nxd5 12. Rb1 e6 13. Bd2 Bb7 14. Nc3 Ncb4 15. Bb3 Qc7 16. Qh4 Qe7 17. Nxd5 Qxh4 18. Nxh4 Nxd5 19. Nf3 Ne7 20. Bc3 Nf5 21. Bxg7 Kxg7 22. Rbe1 Bxf3 23. Rxf3 Nd4 24. Rfe3 Rfd8 25. Rc1 Nxb3 26. cxb3 Rd4 27. g3 Rad8 28. Rc3 R8d5 29. Kf2 h5 30. Ke2 Kf6 31. Rc4 Kf5 32. h3 Kf6 33. Rxd4 Rxd4 1/2-1/2

[Event "Landesklasse Ost 2025/26"]
[Site "?"]
[Date "2026.03.01"]
[Round "7.7"]
[White "Barz, Henrik"]
[Black "Feuerpfeil, Tyler Joel"]
[Result "1-0"]
[WhiteElo "1890"]
[BlackElo "1597"]
[WhiteFideId "-1"]
[BlackFideId "-1"]
[PlyCount "39"]
[GameId "2282890517225581"]
[EventDate "2025.09.14"]
[EventType "team-tourn"]
[EventRounds "9"]
[SourceTitle "Thueringer Schachbund"]
[Source "ThSB"]
[SourceDate "2025.09.14"]
[SourceVersion "1"]
[SourceVersionDate "2025.09.14"]
[SourceQuality "1"]
[WhiteTeam "ESV Gera"]
[BlackTeam "SG Arnstadt-Stadtilm"]

{[%evp 0,39,23,28,35,35,32,26,16,29,41,22,57,7,-7,0,45,99,75,63,77,37,206,162,229,179,162,154,168,179,177,189,490,519,518,502,493,532,675,665,1442,1514]} 1. e4 c6 2. d4 d5 3. e5 Bf5 4. h4 h5 5. Nf3 e6 6. c3 c5 7. Be3 c4 8. b3 b5 9. a4 Qa5 10. Qc1 Nh6 11. Nbd2 Bd3 12. Bxd3 cxd3 13. b4 Qb6 14. Qb1 a5 15. axb5 axb4 16. Rxa8 bxc3 17. Qxd3 cxd2+ 18. Bxd2 Nf5 19. Qc3 Qb7 20. Qc6+ 1-0

[Event "Landesklasse Ost 2025/26"]
[Site "?"]
[Date "2026.03.01"]
[Round "7.8"]
[White "Schumacher, Andreas"]
[Black "Zinoviev, Daniil"]
[Result "1/2-1/2"]
[WhiteElo "1605"]
[BlackElo "1625"]
[WhiteFideId "-1"]
[BlackFideId "-1"]
[PlyCount "131"]
[GameId "2282891578060917"]
[EventDate "2025.09.14"]
[EventType "team-tourn"]
[EventRounds "9"]
[SourceTitle "Thueringer Schachbund"]
[Source "ThSB"]
[SourceDate "2025.09.14"]
[SourceVersion "1"]
[SourceVersionDate "2025.09.14"]
[SourceQuality "1"]
[WhiteTeam "SG Arnstadt-Stadtilm"]
[BlackTeam "ESV Gera"]

{[%evp 0,62,20,17,19,4,9,1,11,7,31,25,37,5,52,21,37,33,36,11,38,37,181,20,43,10,61,-17,-10,-22,-9,-20,-7,63,-13,-5,-14,-8,0,-45,-56,-86,-88,-51,-37,-114,-109,-95,-111,-100,-73,-109,-83,92,-68,-54,-56,-26,1,-14,15,63,22,-34,2]} 1. d4 d5 2. Bf4 Nf6 3. e3 Bf5 4. Nd2 g6 5. h3 Bg7 6. Ngf3 Ne4 7. Be2 O-O 8. c3 Nd7 9. Bh2 Re8 10. Nh4 Be6 11. Bd3 f5 12. Nhf3 Bf7 13. Qe2 c6 14. Bf4 e5 15. dxe5 Nxe5 16. Nxe5 Bxe5 17. Bxe5 Rxe5 18. Nf3 Re7 19. Bxe4 dxe4 20. Nd4 c5 21. Nb3 Qb6 22. Qc2 Bc4 23. Nd2 Bd3 24. Qb3+ Qxb3 25. axb3 a5 26. Nc4 Bxc4 27. bxc4 Rd7 28. Ke2 b6 29. Rad1 Rad8 30. Rxd7 Rxd7 31. Rb1 Rd3 32. Rc1 Kf7 33. f4 Ke6 34. g4 Kd6 35. gxf5 gxf5 36. Rg1 Kc6 37. Rg5 b5 38. cxb5+ Kxb5 39. Rxf5 a4 40. Re5 a3 41. bxa3 Rxc3 42. Rxe4 Rxa3 43. f5 Ra6 44. Re5 Rf6 45. e4 Kb4 46. Re6 Rf7 47. f6 c4 48. e5 c3 49. Rc6 Kb3 50. Rb6+ Kc4 51. e6 Rxf6 52. e7 c2 53. e8=Q Rxb6 54. Qe4+ Kb3 55. Qe3+ Ka2 56. Qxb6 c1=Q 57. Qa5+ Kb3 58. Qb5+ Ka3 59. Qd3+ Kb4 60. Qxh7 Qb2+ 61. Ke3 Qc1+ 62. Kf3 Qd1+ 63. Kf4 Qd2+ 64. Ke5 Qc3+ 65. Kf4 Qd2+ 66. Ke5 1/2-1/2

[Event "Landesklasse Ost 2025/26"]
[Site "?"]
[Date "2026.03.01"]
[Round "7.1"]
[White "Link, Moritz"]
[Black "Tobal, Elias"]
[Result "0-1"]
[WhiteElo "1672"]
[BlackElo "1951"]
[WhiteFideId "-1"]
[BlackFideId "-1"]
[PlyCount "42"]
[GameId "560273245365"]
[EventDate "2025.09.14"]
[EventType "team-tourn"]
[EventRounds "9"]
[SourceTitle "Thueringer Schachbund"]
[Source "ThSB"]
[SourceDate "2025.09.14"]
[SourceVersion "1"]
[SourceVersionDate "2025.09.14"]
[SourceQuality "1"]
[WhiteTeam "SV Schott Jena 2"]
[BlackTeam "SC Turm Erfurt"]

{[%evp 0,42,13,6,105,100,100,79,124,104,104,91,101,106,93,84,93,36,28,28,28,8,12,0,18,-35,-42,-54,-54,-101,-26,-77,-121,-121,-147,-400,-158,-219,-223,-291,-258,-253,-982,-921,-921]} 1. e4 c5 2. Nc3 Nc6 3. Nf3 g6 4. d4 cxd4 5. Nxd4 Bg7 6. Be3 Nf6 7. f3 O-O 8. Qd2 d5 9. Nxc6 bxc6 10. O-O-O Qc7 11. exd5 cxd5 12. Bh6 Rb8 13. Bxg7 Kxg7 14. Bd3 d4 15. Ne4 Nd5 16. Be2 e5 17. Qg5 h6 18. Qg3 Ne3 19. Rd2 f5 20. Nf2 f4 21. Qh4 Nxg2 0-1

[Event "Landesklasse Ost 2025/26"]
[Site "?"]
[Date "2026.03.01"]
[Round "7.2"]
[White "McLeod, Andrew"]
[Black "Skarus, Steffen"]
[Result "1/2-1/2"]
[WhiteElo "1919"]
[BlackElo "1747"]
[WhiteFideId "-1"]
[BlackFideId "-1"]
[PlyCount "28"]
[GameId "560273245347"]
[EventDate "2025.09.14"]
[EventType "team-tourn"]
[EventRounds "9"]
[SourceTitle "Thueringer Schachbund"]
[Source "ThSB"]
[SourceDate "2025.09.14"]
[SourceVersion "1"]
[SourceVersionDate "2025.09.14"]
[SourceQuality "1"]
[WhiteTeam "SC Turm Erfurt"]
[BlackTeam "SV Schott Jena 2"]

{[%evp 0,28,32,6,69,65,110,92,114,32,62,66,85,80,80,-15,-27,-26,-6,-15,5,-76,-80,-87,-40,-24,-14,-14,-11,-32,-9]} 1. e4 d6 2. d4 c6 3. Nc3 Nf6 4. f4 Nbd7 5. Nf3 Qc7 6. Bd3 e5 7. dxe5 dxe5 8. f5 b5 9. Qe2 Bc5 10. Nd1 Bb7 11. Be3 Ng4 12. Bxc5 Nxc5 13. Nf2 Qa5+ 14. Nd2 Nxf2 1/2-1/2

[Event "Landesklasse Ost 2025/26"]
[Site "?"]
[Date "2026.03.01"]
[Round "7.3"]
[White "Bunke, Wilfried"]
[Black "Strohner, Maximilian"]
[Result "0-1"]
[WhiteElo "1868"]
[BlackElo "1802"]
[WhiteFideId "-1"]
[BlackFideId "-1"]
[PlyCount "156"]
[GameId "560273245363"]
[EventDate "2025.09.14"]
[EventType "team-tourn"]
[EventRounds "9"]
[SourceTitle "Thueringer Schachbund"]
[Source "ThSB"]
[SourceDate "2025.09.14"]
[SourceVersion "1"]
[SourceVersionDate "2025.09.14"]
[SourceQuality "1"]
[WhiteTeam "SV Schott Jena 2"]
[BlackTeam "SC Turm Erfurt"]

{[%evp 0,156,44,44,13,-19,-16,-16,64,25,45,-40,21,-2,10,10,-3,-3,27,12,34,-26,-3,-3,0,0,4,-12,17,22,54,36,66,29,42,29,21,-15,-28,-28,23,6,46,39,69,50,67,67,118,121,107,93,75,36,-12,-21,5,-58,-54,-82,-38,-46,-95,-113,-118,-123,-139,-133,-107,-135,-130,-243,-197,-193,-185,-148,-148,-148,-172,-172,-162,-172,-138,-138,-138,-214,-214,-211,-201,-188,-189,-200,-189,-218,-208,-225,-210,-204,-204,-210,-204,-219,-212,-248,-186,-230,-188,-186,-175,-175,-165,-168,-164,-188,-193,-193,-182,-182,-182,-227,-224,-238,-244,-237,-245,-281,-275,-273,-281,-275,-293,-298,-296,-300,-318,-340,-253,-253,-135,-341,-316,-341,-305,-365,-336,-342,-353,-340,-375,-375,-492,-1436,-1249,-1396,-1669,-1951,-1479,-1550,-2191]} 1. d4 d5 2. c4 e6 3. Nc3 a6 4. Nf3 dxc4 5. a4 Nc6 6. e3 Na5 7. Nd2 Nf6 8. Nxc4 c5 9. Be2 Nc6 10. dxc5 Qxd1+ 11. Bxd1 Bxc5 12. O-O O-O 13. Bf3 Bd7 14. Rd1 Rfd8 15. b3 Rab8 16. a5 Nb4 17. Bb2 Bc6 18. Ne5 Bxf3 19. gxf3 Nfd5 20. Ne4 Ba7 21. Nc4 Nc2 22. Rab1 b5 23. axb6 Nxb6 24. Be5 Rxd1+ 25. Rxd1 Ra8 26. Rd2 Nxc4 27. bxc4 Nxe3 28. Nd6 Bc5 29. Bd4 Bxd4 30. Rxd4 Nc2 31. Rd2 Ne1 32. Ra2 Nxf3+ 33. Kg2 Ne5 34. Ra5 f6 35. Rc5 Rd8 36. Nb7 Rd7 37. Rc8+ Kf7 38. Nc5 Ra7 39. Na4 Rb7 40. Nc5 Rb6 41. Rc7+ Kg6 42. Ra7 Nxc4 43. Nxa6 Nd6 44. Nc5 Nf5 45. Nd7 Rd6 46. Rb7 e5 47. Ra7 Rd2 48. Nf8+ Kh6 49. Ne6 Rd6 50. Nc5 Rc6 51. Nd7 e4 52. Ra2 e3 53. fxe3 Rc2+ 54. Rxc2 Nxe3+ 55. Kf3 Nxc2 56. Kg3 Kg5 57. Nf8 h6 58. Ne6+ Kg6 59. Nf8+ Kf5 60. Nd7 Nd4 61. Nc5 g5 62. h3 h5 63. Nb7 Ke5 64. Nc5 f5 65. Nd7+ Ke6 66. Nc5+ Kd5 67. Nd7 Ne2+ 68. Kf3 Nf4 69. Kg3 Ke4 70. Nf6+ Ke3 71. Nh7 Ne6 72. Nf6 f4+ 73. Kg2 f3+ 74. Kf1 Nf4 75. Nh7 Nxh3 76. Nf6 Nf4 77. Nh7 Ne2 78. Nxg5 Ng3+ 0-1

[Event "Landesklasse Ost 2025/26"]
[Site "?"]
[Date "2026.03.01"]
[Round "7.4"]
[White "Schade, Holger"]
[Black "Jordan, Gunter"]
[Result "1/2-1/2"]
[WhiteElo "1766"]
[BlackElo "1800"]
[WhiteFideId "-1"]
[BlackFideId "-1"]
[PlyCount "46"]
[GameId "560273245362"]
[EventDate "2025.09.14"]
[EventType "team-tourn"]
[EventRounds "9"]
[SourceTitle "Thueringer Schachbund"]
[Source "ThSB"]
[SourceDate "2025.09.14"]
[SourceVersion "1"]
[SourceVersionDate "2025.09.14"]
[SourceQuality "1"]
[WhiteTeam "SC Turm Erfurt"]
[BlackTeam "SV Schott Jena 2"]

{[%evp 0,46,6,5,44,-17,1,2,0,-39,-35,-42,2,0,34,2,55,14,61,65,58,-6,59,44,35,35,31,20,32,19,21,13,15,10,18,-9,14,-3,24,-12,37,23,21,15,12,-1,7,-8,-8]} 1. d4 d5 2. c4 e6 3. Nc3 Nf6 4. cxd5 exd5 5. Bg5 Be7 6. e3 c6 7. Bd3 h6 8. Bh4 Ne4 9. Bxe7 Qxe7 10. Qc2 Nd6 11. Nf3 Nd7 12. O-O O-O 13. Rfe1 Nf6 14. Ne5 Ng4 15. Nxg4 Bxg4 16. h3 Be6 17. Qe2 f5 18. Rac1 Ne4 19. Na4 Qg5 20. Nc5 Nxc5 21. Rxc5 Rae8 22. f4 Qh4 23. Qf2 Qxf2+ 1/2-1/2

[Event "Landesklasse Ost 2025/26"]
[Site "?"]
[Date "2026.03.01"]
[Round "7.5"]
[White "Eichhorn, Mathilda"]
[Black "Stöcklein, Paul"]
[Result "0-1"]
[WhiteElo "1629"]
[BlackElo "1749"]
[WhiteFideId "-1"]
[BlackFideId "-1"]
[PlyCount "52"]
[GameId "560273245284"]
[EventDate "2025.09.14"]
[EventType "team-tourn"]
[EventRounds "9"]
[SourceTitle "Thueringer Schachbund"]
[Source "ThSB"]
[SourceDate "2025.09.14"]
[SourceVersion "1"]
[SourceVersionDate "2025.09.14"]
[SourceQuality "1"]
[WhiteTeam "SV Schott Jena 2"]
[BlackTeam "SC Turm Erfurt"]

{[%evp 0,52,58,31,56,56,50,15,43,47,38,-35,7,7,7,14,55,55,112,33,10,1,11,-12,2,-4,-2,-40,-26,-41,-42,-27,-53,-40,-45,-36,-37,-33,-41,-78,-52,-94,-67,-67,-111,-153,-184,-204,-192,-192,-165,-165,-165,-251,-447]} 1. e4 e5 2. Nf3 Nc6 3. Bc4 Bc5 4. c3 Nf6 5. d4 exd4 6. cxd4 Bb4+ 7. Bd2 Bxd2+ 8. Nbxd2 O-O 9. O-O d5 10. exd5 Nxd5 11. Bb5 Qf6 12. Bxc6 Qxc6 13. Ne5 Qh6 14. Nb3 b6 15. Rc1 Bb7 16. Qf3 Rad8 17. Rfe1 Rd6 18. Ng4 Qf4 19. Qg3 Rg6 20. h3 h5 21. Qxf4 Nxf4 22. Ne3 Nd3 23. Rxc7 Bxg2 24. Ra1 Bxh3+ 25. Kh2 Nxf2 26. Rxa7 Re8 0-1

[Event "Landesklasse Ost 2025/26"]
[Site "?"]
[Date "2026.03.01"]
[Round "7.6"]
[White "Boroshnev, Dmytro"]
[Black "Nageler, Laurenz"]
[Result "1-0"]
[WhiteElo "1911"]
[BlackElo "1600"]
[WhiteFideId "-1"]
[BlackFideId "-1"]
[PlyCount "81"]
[GameId "560273245366"]
[EventDate "2025.09.14"]
[EventType "team-tourn"]
[EventRounds "9"]
[SourceTitle "Thueringer Schachbund"]
[Source "ThSB"]
[SourceDate "2025.09.14"]
[SourceVersion "1"]
[SourceVersionDate "2025.09.14"]
[SourceQuality "1"]
[WhiteTeam "SC Turm Erfurt"]
[BlackTeam "SV Schott Jena 2"]

{[%evp 0,81,13,6,100,79,79,32,55,40,77,2,2,5,23,-8,-10,-9,-4,9,51,53,62,68,90,44,41,29,62,26,44,1,17,11,78,77,82,78,65,51,67,95,101,131,131,36,41,34,117,39,191,169,169,169,175,155,214,138,127,127,137,27,32,-3,-1,23,63,77,254,254,254,259,252,284,284,287,281,242,241,255,255,320,342,342]} 1. e4 c5 2. Nf3 Nc6 3. Bb5 e6 4. O-O Nge7 5. Re1 a6 6. Bf1 Ng6 7. c3 d5 8. exd5 Qxd5 9. d4 cxd4 10. cxd4 Be7 11. Nc3 Qa5 12. Qb3 O-O 13. Be3 b5 14. Rec1 Bd7 15. d5 Nce5 16. Nd4 exd5 17. Nxd5 Bd6 18. h3 Rac8 19. Rd1 Bc5 20. Rac1 Nc4 21. Bxc4 bxc4 22. Qc3 Qxc3 23. Rxc3 Ba7 24. Rdc1 Ne5 25. Ne7+ Kh8 26. Nxc8 Rxc8 27. R1c2 Bb6 28. f4 Nd3 29. Rxc4 Re8 30. Nf5 Bxe3+ 31. Nxe3 Rxe3 32. Rc8+ Be8 33. Rd2 Re1+ 34. Kh2 Nxf4 35. Rdd8 g6 36. Rxe8+ Rxe8 37. Rxe8+ Kg7 38. Ra8 Nd3 39. b3 Nc5 40. b4 Nd3 41. a3 1-0